Statistiken für UEFA-Teams ohne EM-Teilnahme

Klicken Sie hier um das Quiz zu spielen!

Allgemein

  • Dieses Quiz wurde 1.031 mal gespielt
    (292 seit der letzten Aktualisierung)
  • Das Durchschnittsergebnis liegt bei 15 aus 20

Antwortstatistiken

Team% Korrekt
Andorra
95%
Estland
91%
Liechtenstein
91%
San Marino
91%
Litauen
90%
Luxemburg
88%
Kosovo
84%
Malta
82%
Belarus
81%
Zypern
78%
Montenegro
77%
Georgien
74%
Moldawien
72%
Armenien
70%
Aserbaidschan
70%
Israel
65%
Kasachstan
60%
Bosnien und Herzegowina
59%
Gibraltar
58%
Färöer-Inseln
54%

Verteilung der Resultate

Perzentil nach korrekt beantworteten Fragen

Anzahl Personen mit jedem Resultat

Ihre Resultats-Entwicklung

Sie haben dieses Quiz seit der letzten Aktualisierung nicht gespielt